LEADER 02076nam a2200409 u 4500 001 000000013951 003 CaOOAMICUS 005 20070226105716.0 008 940517m19731974it u000 u ita u 035 $a10331499 040 $aPUL(R)$bita$dPUL(R) 041 1 $aita$hger 100 1 $aHegel, Georg Wilhelm Friedrich,$d1770-1831.$0(OLS)http://pul/name/6237 245 10$aLezioni sulla filosofia della religione /$cGiorgio Guglielmo, Federico Hegel ; a cura di Elisa Oberti e Gaetano Borruso. 260 $aBologna :$bZanichelli,$c1973-1974. 300 $a2 v. ;$c24 cm 490 1 $aFilosofi moderni ;$v19-20 500 $aSul front. aggiunto: Centro di studi filosofici di Gallarate. 504 $aBibliografia in nota. 650 4$aFilosofia della religione.$0(OLS)http://pul/subject/120 700 1 $aBorruso, Gaetano.$0(OLS)http://pul/name/13028 700 1 $aOberti, Elisa.$0(OLS)http://pul/name/13027 710 2 $aCentro di studi filosofici di Gallarate.$0(OLS)http://pul/name/3733 830 0$aFilosofi moderni ;$v19-20.$0(OLS)http://pul/title/8051 850 $aPUL 852 $aPUL$W1$xDP1 Fondo Giannini$y60$m1558 G 7-8$j19604$nBK-PRI$b $qFondi$B19604$CPULBib$Z2$F19604 $H $81 852 $aPUL$W1$xDP1 Fondo Giannini$y60$m1558 G 7-8$j19604$nBK-PRI$b $qFondi$B19605$CPULBib$Z2$F19605 $H $81 852 $aPUL$W1$xSL Filosofia 2$y80$mPhil D4 45e.19-20$j19606$nBK-PRI$b $qStampati altre collocazioni$B19606$CPULBib$Z2$F19606 $H $81 852 $aPUL$W1$xSL Filosofia 2$y80$mPhil D4 45e.19-20$j19606$nBK-PRI$b $qStampati altre collocazioni$B19607$CPULBib$Z2$F19607 $H $81 941 1 $a1 941 1 $a10 961 $aINV: Fondo Giannini 961 $aINV: Fondo Giannini 961 $aINV: 46278-46279 961 $aINV: 46278-46279 996 $6245$aLezioni sulla filosofia della religione$9(OLS)http://pul/title/20088 996 $6260$aBologna :$bZanichelli$9(OLS)http://pul/publisher/48255 LEADER 01415nam a2200301 u 4500 001 000000076129 003 CaOOAMICUS 005 20070226123157.0 008 031107s2002 it u000 u ita u 035 $a10975248 040 $aPUL$bita 100 1 $aRonzio, M. Patrizia.$0(OLS)http://pul/name/50639 245 12$aL'ideale di stato e bene comune in Giovanni Paolo II /$cM. Patrizia Ronzio. 260 $aRoma :$bPontificia Università Lateranense,$c2002. 300 $av, 91 p. ;$c24 cm 500 $aIn testa al front.: Pontificia Universitas Lateranensis. 502 $aThesis (doct.) -- Pontificia Universitas Lateranensis, 2002. 504 $aBibliografia: p. 87-91. 600 04$aIohannes Paulus PP.$bII,$cs.,$d1920-2005$xPensiero politico e sociale.$0(OLS)http://pul/subject/8318 650 4$aBene comune.$0(OLS)http://pul/subject/12547 710 2 $aPontificia Università Lateranense.$0(OLS)http://pul/name/287 850 $aPUL 852 $aPUL$W1$xDP1 Tesi Pon Univ. Lateranense$y41$mTH PUL 1046$j97846$nBK-PRI$b $qTesi$B97846$CPULBib$Z2$F97846 $H93759 $81 910 $aPontificio Ateneo Lateranense$9287 910 $aPontificio Ateneo Lateranense$9287 941 1 $a16 996 $6245$aL'ideale di stato e bene comune in Giovanni Paolo II$9(OLS)http://pul/title/99863 996 $6260$aRoma :$bPontificia Università Lateranense$9(OLS)http://pul/publisher/47963